THE IMPACT OF INEQUALITY/ (Record no. 9205)

MARC details
000 -LEADER
fixed length control field 00584nam a22002057a 4500
003 - CONTROL NUMBER IDENTIFIER
control field OSt
005 - DATE AND TIME OF LATEST TRANSACTION
control field 20240716154629.0
008 - FIXED-LENGTH DATA ELEMENTS--GENERAL INFORMATION
fixed length control field 240716b |||||||| |||| 00| 0 eng d
020 ## - INTERNATIONAL STANDARD BOOK NUMBER
International Standard Book Number 9781595581211
040 ## - CATALOGING SOURCE
Transcribing agency MUST
082 ## - DEWEY DECIMAL CLASSIFICATION NUMBER
Classification number 362.1 WIL 2005
100 ## - MAIN ENTRY--PERSONAL NAME
Personal name Wilkinson G Richard
9 (RLIN) 18791
245 ## - TITLE STATEMENT
Title THE IMPACT OF INEQUALITY/
Remainder of title How to make sick societies healthier
260 ## - PUBLICATION, DISTRIBUTION, ETC. (IMPRINT)
Place of publication, distribution, etc. New York
Name of publisher, distributor, etc. The new press
Date of publication, distribution, etc. 2005
300 ## - PHYSICAL DESCRIPTION
Extent x,355p.
Other physical details ill.
Dimensions 21cm
504 ## - BIBLIOGRAPHY, ETC. NOTE
Bibliography, etc References and indexes included
650 ## - SUBJECT ADDED ENTRY--TOPICAL TERM
Source of heading or term Equality
700 ## - ADDED ENTRY--PERSONAL NAME
Personal name Richard G Wilkinson
9 (RLIN) 18792
942 ## - ADDED ENTRY ELEMENTS (KOHA)
Source of classification or shelving scheme Dewey Decimal Classification
Koha item type Open Shelf
Holdings
Withdrawn status Lost status Source of classification or shelving scheme Damaged status Not for loan Home library Current library Date acquired Source of acquisition Inventory number Total Checkouts Full call number Barcode Date last seen Price effective from Koha item type
    Other/Generic Classification Scheme     MUST Main Library MUST Main Library 16/07/2024 Purchase 14/38251   362.1 WIL 2005 2024-21991 16/07/2024 16/07/2024 Open Shelf